00323nam a2200121Ia 4500008004100000041000800041082001600049100001600065245004500081260003700126300003100163365000700194240624s9999 xx 000 0 und d aeng a658.812 CHA aCHADHA ROMA aTAKING THE CALL AN ASPIRANTS GUIDE TO CA c2004aNew DelhibTata McGrawhill axvi, : 208 : p. : cm. ; 23 cRS